Responses for Show #5114 - Thursday, November 30, 2006

Contestants

[<< previous game]

Lynne Sherwin, a features editor from Akron, Ohio

Ruth Comer, an executive director from Chariton, Iowa

Ryan Friedman, a GIS planner from Londonderry, New Hampshire (whose 3-day cash winnings total $61,700)

[next game >>]

Jeopardy! Round responses

COLUMBIA
CHALLENGER
END-"EVER"
DISCOVERY
ATLANTIS
NASSAU
    $200 6
(Alex: Okay, better known perhaps as Perry Mason? Better known as Ironsides? Canadian actor... now you get him, yes, [*].)

Raymond Burr

Triple Stumper
    $200 16
Thomas Jefferson

Lynne
    $200 1
retriever

Ryan
    $200 9
satellites

Triple Stumper
    $200 20
The Chronicles of Narnia

Ruth
    $400 7
Hitch

Ryan
    $400 17
Abraham Lincoln

Lynne
    $400 2
fever

Lynne
    $400 10
Captain James Cook

Ryan
    $600 8
Agnes of God

Ruth
    $600 18
Ronald Reagan

Lynne
    $600 3
reliever

Ryan
    $600 13
International Space Station

Lynne
    $800 11
(Ruth: What is... Dick & Jane?)

Fun with Dick & Jane

RuthLynne
    $800 19
Arianna Huffington

Ryan
    $800 4
clever

Lynne
    $800 14
(Ryan: What is Andrews Air Force Base?)
...
(Alex: [*] is on the West Coast.)

Edwards Air Force Base

RyanLynne
    $800 23
[The end-of-round signal sounds]
(Alex: Oh! We won't have time to get to the last few clues--we were slow today.)

a glass bottom boat

Triple Stumper
    $1000 12
(Ruth: What is Heaven Can Wait?)
...
(Alex: We're going for the heavenly being, not the title of the film, and the being is [*].)

Mr. Jordan

Ruth
Triple Stumper
    $1000 21
(Ruth: What is Federalist?)
(Lynne: What is Temperance?)

Masons

RuthLynne
Triple Stumper
    $1000 5
John Cheever

Triple Stumper
    $1000 15
Boeing 747

Lynne
    $1000 22
(Ryan: Who is Princess Anne?)
...
(Alex: [*]. [*] is the sister, Anne is the daughter.)

Princess Margaret

RyanRuth

Scores at the first commercial break (after clue 13):

Ryan Ruth Lynne
$1,600 -$1,200 $2,600

Scores at the end of the Jeopardy! Round:

Ryan Ruth Lynne
$600 -$1,000 $4,600

Double Jeopardy! Round responses

I LOVE A MOZART OPERA
LIKE A ROLLING STONE
(Alex: ...There's a connection!)
ANIMALS
NAME THAT POPE
MUSEUMS
AND SOMETIMES Y
(Alex: The correct response will be words with "Y" as the only vowel.)
    $400 1
14

Ryan
    $400 17
Brian Wilson

Lynne
    $400 13
windpipe

Ryan
    $400 2
John Paul II

Ryan
    $400 6
Henry Ford

Ryan
    $400 30
shy

Ryan
    $800 4
champagne

Ryan
    $800 18
Charlie Parker

Ryan
    $800 22
snow leopard

Ryan
    $800 3
John XXIII

Ruth
    $800 8
Pablo Picasso

Lynne
    $800 27
myrrh

Ruth
    $1200 5
Venus

Ruth
    $1200 19
Mick Fleetwood

Ryan
    $1200 23
cartilage

Ruth
    $1200 7
John Paul I

Lynne
    $1200 9
Field Museum

Lynne
    $1200 26
gypsy

Triple Stumper
    $1600 11
Trojan War

Lynne
    $1600 20
Bill Monroe

Triple Stumper
    $1600 28
(Lynne: What's South America?)

Australia

Lynne
Triple Stumper
    $1600 14
Pius XII

Ryan
    $1600 10
Tate

Triple Stumper
    $1600 24
tryst

Lynne
    $600 16
(Ryan: [Before wagering] He might as well be a pope.)
(Alex: [Laughter] But you got it right!)

The Magic Flute

Ryan
    $2000 21
Keith Carradine

Triple Stumper
    $2000 29
Borneo and Sumatra

Ryan
    $100 15
Gregory

Ryan
    $2000 12
René Magritte

Triple Stumper
    $2000 25
pygmy

Lynne

Scores at the end of the Double Jeopardy! Round:

Ryan Ruth Lynne
$10,500 $3,000 $11,800

[wagering suggestions for these scores]

Final Jeopardy! Round responses

PLAY CHARACTERS
RuthWho is Henry Higgins
$1,500
RyanWho is Henry Higgins?
$4,499
LynneWho is Henry Higgins
$10,501
Henry Higgins

Final scores:

Ryan Ruth Lynne
$14,999 $4,500 $22,301
2nd place: $2,000 3rd place: $1,000 New champion: $22,301

Game dynamics:

Coryat scores:

Ryan Ruth Lynne
$13,800 $3,000 $11,800
18 R
(including 2 DDs),
2 W
7 R,
3 W
16 R,
2 W

Combined Coryat: $28,600

[game clues] [game scores] [suggest correction]

Game tape date: 2006-09-20
The J! Archive is created by fans, for fans. Scraping, republication, monetization, and malicious use prohibited; this site may use cookies and collect identifying information. See terms. The Jeopardy! game show and all elements thereof, including but not limited to copyright and trademark thereto, are the property of Jeopardy Productions, Inc. and are protected under law. This website is not affiliated with, sponsored by, or operated by Jeopardy Productions, Inc. Join the discussion at JBoard.tv.